| 000 | 00684nam a22001817a 4500 | ||
|---|---|---|---|
| 003 | JO-AjAnu | ||
| 005 | 20240709104051.0 | ||
| 008 | 240708b jo ||||| |||| 00| 0 ara d | ||
| 040 |
_aJO-AjAnu _bENG _cJO-AjAnu |
||
| 041 | _hENG | ||
| 100 |
_aAlrababah, Rahmeh Abedalqader Ali _eprepared _966104 |
||
| 245 | 1 | 0 |
_aOn Difference of Paralindelof in Topological Spaces / _cpreperd Rahmeh Abedalqader Ali Alrababah - Supervisor Ali Atoom |
| 260 | _c2024 | ||
| 300 | _a43 paper | ||
| 500 | _aUniversity thesis (Master’s thesis in mathematics), Ajloun National University (Ajloun, Jordan), College of Science, 2024 | ||
| 700 |
_aAtoom, Ali _eSupervisor _966105 |
||
| 942 |
_2lcc _cTHS _n0 |
||
| 999 |
_c33603 _d33603 |
||